Jak se stát neurotikem /

Hlavní autor: Hausner, Milan, 1929-2000
Jazyk: Čeština
Vydáno: Praha : Státní zdravotnické nakladatelství, 1968
Vydání: 1. vyd. v SZdN
Externí odkaz: Digitalizovaný dokument
Fyzický popis: 123 s.
Knihy
Uloženo v:
LEADER 00996nam a22002652a 4500
001 000099058
003 CZ BrMZK
005 20090625110419.0
007 ta
008 010907s1968 xr f cze d
015 |a cnb000449610 
035 |a (OCoLC)42094874 
040 |a BOA001  |b cze 
100 1 |a Hausner, Milan,  |d 1929-2000  |7 jk01040210  |4 aut 
245 1 0 |a Jak se stát neurotikem /  |c Milan Hausner 
250 |a 1. vyd. v SZdN 
260 |a Praha :  |b Státní zdravotnické nakladatelství,  |c 1968 
300 |a 123 s. 
500 |a Dostupné též v digitální podobě v aplikaci Kramerius 
856 4 1 |u http://www.digitalniknihovna.cz/mzk/uuid/uuid:1c2c1990-ba8f-11e5-b5dc-005056827e51  |y Digitalizovaný dokument  |x NDK 
910 |a BOA001  |b 1-0617.053 
990 |a BK 
991 |b 200905 
996 6 |b 2619749786  |c 1-0617.053  |l MZK  |r Sklad / do 1 hodiny  |n 5  |w 000099058  |u 000020  |a 1  |e BOA001  |j MZK50  |s P 
996 7 |b 2619994202  |c 1-0617.053  |l MZK  |r Sklad / do 1 hodiny  |n 24  |w 000099058  |u 000010  |a 1  |e BOA001  |j MZK50  |s A